000 00676nmc a2200265 a 4500
003 AR-Y00000XR
005 20251128211930.0
008 267020s2005 ||||||||||||||000 | spa||
020 _a84-7844-598-6
040 _cAR-Y00000XR
100 1 _aLispector, Clarice
245 1 0 _aCerca del corazón salvaje
250 _a3ª ed.
260 _aMadrid
_aEdiciones Siruela
_c2005
300 0 _a197 p.
490 0 _aLibros del tiempo
_v147
650 4 _aNOVELAS
650 4 _aNARRATIVA
650 4 _aLITERATURA CONTEMPORANEA
653 0 _aLITERATURA BRASILENA
655 _aLITERATURA
700 1 _aLosada, Basilio
_etraductor
942 _cBK
998 _cme-solo cat
999 _c21666
_d21666